000 00336nam a2200157Ia 4500
100 _aUdpa/S.R
650 _aGeneral
942 _cBK
654 _aQuality circles
245 _aQuality circles In India
260 _bTata McGraw Hill
_aNEW DELHI
_c1986
082 _a658.5
_bUdp
300 _a216
546 _aENGLISH
999 _c31407
_d31407